header

Merry Christmas, Amelia Bedelia / (Record no. 266106)

MARC details
000 -LEADER
fixed length control field 00239nam a22000977a 4500
020 ## - INTERNATIONAL STANDARD BOOK NUMBER
ISBN 0688061026
100 ## - MAIN ENTRY--AUTHOR NAME
Personal name Peggy Parish
245 ## - TITLE STATEMENT
Title Merry Christmas, Amelia Bedelia /
260 ## - PUBLICATION, DISTRIBUTION, ETC. (IMPRINT)
Place of publication New York :
Name of publisher Greenwillow Books,
Year of publication 1986.
942 ## - ADDED ENTRY ELEMENTS (KOHA)
Koha item type Long Loan Books
Holdings
Withdrawn status Lost status Collection code Home library Current library Shelving location Date acquired Accession Number Koha item type
    Fiction Rongo University Library Rongo University Library Children's Area 31/03/2026 CL20250225 Long Loan Books

© 2026 Rongo University
Contact us: librarian | system librarian | Rongo university